书目信息 |
| 题名: |
土力学
|
|
| 作者: | 务新超 主编 | |
| 分册: | ||
| 出版信息: | 郑州 黄河水利出版社 2003.01 |
|
| 页数: | 274页 | |
| 开本: | 28cm | |
| 丛书名: | ||
| 单 册: | ||
| 中图分类: | TU43 | |
| 科图分类: | ||
| 主题词: | 土力学 | |
| 电子资源: | ||
| ISBN: | 978-7-80621-650-7 | |
| 000 | 00549nam0 2200193 450 | |
| 001 | 1240574654 | |
| 005 | 20120408111745.93 | |
| 010 | @a978-7-80621-650-7@dCNY28.00 | |
| 100 | @a20120408d2003 km y0chiy0120 ea | |
| 101 | 0 | @achi |
| 102 | @aCN@b410000 | |
| 200 | 1 | @a土力学@Atu li xue@f务新超主编@Fwu xin chao zhu bian |
| 210 | @a郑州@c黄河水利出版社@d2003.01 | |
| 215 | @a274页@d28cm | |
| 606 | 0 | @a土力学 |
| 690 | @aTU43@v4 | |
| 701 | 0 | @a务新超@Awu xin chao@4主编 |
| 801 | 0 | @aCN@b大连网信软件有限公司图书馆·11@c20120408 |
| 905 | @aZUCC@dTU43@eW9951 | |
| 土力学/务新超主编.-郑州:黄河水利出版社,2003.01 |
| 274页;28cm |
| ISBN 978-7-80621-650-7:CNY28.00 |
| ● |
| 相关链接 |
|
|
|
正题名:土力学
索取号:TU43/W9951
 
预约/预借
| 序号 | 登录号 | 条形码 | 馆藏地/架位号 | 状态 | 备注 |
| 1 | 485955 | 204859554 | 土木与交通工程学院资料室/ [索取号:TU43/W9951] | 在馆 |